Felix de les meravelles del mon / Ramón Lull ; texto original publicado é ilustrado con notas y variantes por Jerónimo Rosselló ; y un proemio bibliográfico por M. Obrador y Bennassar
Descripción Física:
2 v., XLIII, 275 p., 367 p. ; 25 cm
Colección:
Obras de Ramón Lull
MARC
| LEADER | 00000nam a2200000Ia 4500 | ||
|---|---|---|---|
| 001 | 14578 | ||
| 008 | 160829s1903 xx 000 0 cat d | ||
| 080 | |a L-1-412 | ||
| 100 | |a Llull, Ramon |9 64834 | ||
| 245 | |a Felix de les meravelles del mon / Ramón Lull ; texto original publicado é ilustrado con notas y variantes por Jerónimo Rosselló ; y un proemio bibliográfico por M. Obrador y Bennassar | ||
| 260 | |a Palma de Mallorca : |b Impr. de las Hijas de Colomar, |c 1903 | ||
| 300 | |a 2 v., XLIII, 275 p., 367 p. ; |c 25 cm | ||
| 490 | |a Obras de Ramón Lull | ||
| 590 | |a Notes. | ||
| 590 | |a Referències bibliogràfiques. | ||
| 590 | |a Text en català, introducció i notes en castellà. | ||
| 590 | |a Dos volums enquadernats junts | ||
| 700 | 1 | |a Rosselló, Geroni, |d 1827-1902 |9 29194 | |
| 700 | |a Obrador i Bennàssar, Mateu |9 28681 | ||
| 901 | |a Arxiu | ||
| 942 | |n 1 | ||
| 952 | |0 0 |1 0 |4 0 |6 L1412 |7 1 |9 44904 |a Arxiu |b Arxiu |d 2016-12-01 |l 0 |o L-1-412 |p 14578 |r 2016-12-01 00:00:00 |w 2016-12-01 |y ARXIU | ||
| 999 | |c 47503 |d 47503 | ||